Advance Strength And Applied Elasticity (Record no. 27225)
[ view plain ]
| 000 -LEADER | |
|---|---|
| fixed length control field | 00432nam a22001817a 4500 |
| 003 - CONTROL NUMBER IDENTIFIER | |
| control field | OSt |
| 005 - DATE AND TIME OF LATEST TRANSACTION | |
| control field | 20220117100315.0 |
| 008 - FIXED-LENGTH DATA ELEMENTS--GENERAL INFORMATION | |
| fixed length control field | 220117b |||||||| |||| 00| 0 eng d |
| 020 ## - INTERNATIONAL STANDARD BOOK NUMBER | |
| International Standard Book Number | 0130473928 |
| 040 ## - CATALOGING SOURCE | |
| Transcribing agency | HU |
| 082 ## - DEWEY DECIMAL CLASSIFICATION NUMBER | |
| Classification number | 620.1123 |
| 100 ## - MAIN ENTRY--PERSONAL NAME | |
| Personal name | Ugural C. Ansel |
| 9 (RLIN) | 28136 |
| 245 ## - TITLE STATEMENT | |
| Title | Advance Strength And Applied Elasticity |
| 250 ## - EDITION STATEMENT | |
| Edition statement | 4ed |
| 260 ## - PUBLICATION, DISTRIBUTION, ETC. | |
| Place of publication, distribution, etc. | New Jersey |
| Name of publisher, distributor, etc. | New Jersey |
| 300 ## - PHYSICAL DESCRIPTION | |
| Type of unit | 544 |
| 942 ## - ADDED ENTRY ELEMENTS (KOHA) | |
| Source of classification or shelving scheme | Dewey Decimal Classification |
| Koha item type | Books like text book referance book |
| Suppress in OPAC | No |
| Withdrawn status | Lost status | Source of classification or shelving scheme | Damaged status | Not for loan | Home library | Current library | Shelving location | Date acquired | Total Checkouts | Full call number | Barcode | Date last seen | Copy number | Price effective from | Koha item type |
|---|---|---|---|---|---|---|---|---|---|---|---|---|---|---|---|
| Dewey Decimal Classification | IoT Library | IoT Library | General Stacks | 01/17/2022 | 620.1123/ADV/2003 | IOTL0005653 | 01/17/2022 | 1 | 01/17/2022 | Books like text book referance book | |||||
| Dewey Decimal Classification | IoT Library | IoT Library | General Stacks | 01/17/2022 | 620.1123/ADV/2003 | IOTL0005654 | 01/17/2022 | 2 | 01/17/2022 | Books like text book referance book | |||||
| Dewey Decimal Classification | IoT Library | IoT Library | General Stacks | 01/17/2022 | 620.1123/ADV/2003 | IOTL0005655 | 01/17/2022 | 3 | 01/17/2022 | Books like text book referance book | |||||
| Dewey Decimal Classification | IoT Library | IoT Library | General Stacks | 01/17/2022 | 620.1123/ADV/2003 | IOTL0005656 | 01/17/2022 | 4 | 01/17/2022 | Books like text book referance book | |||||
| Dewey Decimal Classification | IoT Library | IoT Library | General Stacks | 01/17/2022 | 620.1123/ADV/2003 | IOTL0005657 | 01/17/2022 | 5 | 01/17/2022 | Books like text book referance book | |||||
| Dewey Decimal Classification | IoT Library | IoT Library | General Stacks | 01/17/2022 | 620.1123/ADV/2003 | IOTL0005658 | 01/17/2022 | 6 | 01/17/2022 | Books like text book referance book | |||||
| Dewey Decimal Classification | IoT Library | IoT Library | General Stacks | 01/17/2022 | 620.1123/ADV/2003 | IOTL0005659 | 01/17/2022 | 7 | 01/17/2022 | Books like text book referance book | |||||
| Dewey Decimal Classification | IoT Library | IoT Library | General Stacks | 01/17/2022 | 620.1123/ADV/2003 | IOTL0005660 | 01/17/2022 | 8 | 01/17/2022 | Books like text book referance book | |||||
| Dewey Decimal Classification | IoT Library | IoT Library | General Stacks | 01/17/2022 | 620.1123/ADV/2003 | IOTL0005661 | 01/17/2022 | 9 | 01/17/2022 | Books like text book referance book | |||||
| Dewey Decimal Classification | IoT Library | IoT Library | General Stacks | 04/20/2022 | 620.1123/ADV/2003 | IOTL0021196 | 04/20/2022 | 10 | 04/20/2022 | Books like text book referance book |